[Event "Heart of Finland op 31st"]
[Site "Jyvaskyla"]
[Date "2023.07.23"]
[Round "9"]
[White "Ristoja, Samu"]
[Black "Salonen, Aku"]
[Result "1/2-1/2"]
[WhiteElo "2188"]
[BlackElo "2117"]
[PlyCount "46"]
[EventDate "2023.07.17"]
[EventType "swiss"]
[EventRounds "9"]
[EventCountry "FIN"]
[SourceTitle "CBM 215 Extra"]
[Source "ChessBase"]
[SourceDate "2023.09.30"]
[SourceVersion "1"]
[SourceVersionDate "2023.09.30"]
[SourceQuality "1"]

1. d4 Nf6 2. Bg5 e6 3. e4 h6 4. Bxf6 Qxf6 5. c3 d5 6. Bd3 c5 7. Nf3 cxd4 8. cxd4 Bb4+ 9. Nbd2 dxe4 10. Bxe4 0-0 11. 0-0 Nc6 12. a3 Bxd2 13. Qxd2 Bd7 14. Ne5 Rfd8 15. Bxc6 Bxc6 16. Qe3 Bd5 17. Rac1 Rac8 18. f3 b6 19. Rxc8 Rxc8 20. Rc1 Qd8 21. Rxc8 Qxc8 22. h4 Bb7 23. h5 Qc7 1/2-1/2

[Event "Heart of Finland op 31st"]
[Site "Jyvaskyla"]
[Date "2023.07.20"]
[Round "6"]
[White "Valpas, Jami"]
[Black "Ristoja, Samu"]
[Result "0-1"]
[WhiteElo "1792"]
[BlackElo "2188"]
[PlyCount "122"]
[EventDate "2023.07.17"]
[EventType "swiss"]
[EventRounds "9"]
[EventCountry "FIN"]
[SourceTitle "CBM 215 Extra"]
[Source "ChessBase"]
[SourceDate "2023.09.30"]
[SourceVersion "1"]
[SourceVersionDate "2023.09.30"]
[SourceQuality "1"]

1. e4 d6 2. d4 Nf6 3. Nc3 e5 4. dxe5 dxe5 5. Qxd8+ Kxd8 6. Nf3 Bd6 7. Bg5 Be6 8. 0-0-0 Nbd7 9. Bb5 Kc8 10. a3 a6 11. Be2 Ng4 12. Bh4 f6 13. h3 Nh6 14. g4 g5 15. Bg3 Nf7 16. Nd2 b5 17. Nf1 Bc5 18. Nd5 c6 19. Nde3 Kc7 20. Nf5 Bxf5 21. exf5 Nd6 22. Nd2 h5 23. f3 Be3 24. c3 Nc5 25. Kc2 Bxd2 26. Kxd2 Nce4+ 27. fxe4 Nxe4+ 28. Kc2 Nxg3 29. Rh2 Nxe2 30. Rxe2 hxg4 31. hxg4 Rad8 32. Rxd8 Kxd8 33. c4 Rh4 34. Rg2 c5 35. Rg3 Kd7 36. Kc3 Kd6 37. b3 Rh1 38. Rd3+ Kc6 39. Rd8 Rh3+ 40. Kc2 Rh2+ 41. Kc3 Rh3+ 42. Kc2 bxc4 43. bxc4 Rxa3 44. Rf8 Rg3 45. Rxf6+ Kb7 46. Rf7+ Kb6 47. Rf6+ Ka5 48. Rc6 Kb4 49. Rxa6 Rxg4 50. Kd3 Rd4+ 51. Ke3 Rf4 52. Kd3 e4+ 53. Ke3 Kxc4 54. f6 Kd5 55. Ra8 Rf3+ 56. Ke2 Rxf6 57. Rd8+ Ke5 58. Rc8 Kd5 59. Rd8+ Kc4 60. Re8 Rf4 61. Re5 Rg4 0-1

[Event "FIN-chT 2223"]
[Site "Finland"]
[Date "2023.02.11"]
[Round "9.3"]
[White "Sulskis, Sarunas"]
[Black "Ristoja, Samu"]
[Result "1-0"]
[WhiteElo "2477"]
[BlackElo "2187"]
[PlyCount "205"]
[EventDate "2022.09.24"]
[EventType "team-tourn"]
[EventRounds "11"]
[EventCountry "FIN"]
[SourceTitle "EXT 2024"]
[Source "ChessBase"]
[SourceDate "2023.10.10"]
[SourceVersion "1"]
[SourceVersionDate "2023.10.10"]
[SourceQuality "1"]
[WhiteTeam "Helsinki Ninja"]
[BlackTeam "Gambiitti"]
[WhiteTeamCountry "FIN"]
[BlackTeamCountry "FIN"]

1. e4 c5 2. Nf3 Nc6 3. Nc3 e6 4. Bb5 Nd4 5. Nxd4 cxd4 6. Ne2 a6 7. Bd3 d5 8. 0-0 Nf6 9. e5 Nd7 10. f4 Qb6 11. b3 Nc5 12. Bb2 Nxd3 13. cxd3 Bd7 14. Bxd4 Bc5 15. Bxc5 Qxc5+ 16. Kh1 0-0 17. Rf3 Rac8 18. a4 a5 19. Qg1 Qc2 20. Qe3 Qxb3 21. Rff1 d4 22. Qxd4 Bc6 23. Rfb1 Qd5 24. Qxd5 Bxd5 25. Rb2 Rfd8 26. Kg1 Bc6 27. Ra3 Rd7 28. Kf2 Rcd8 29. Rbb3 f6 30. exf6 gxf6 31. g3 Kf7 32. Rc3 Kg6 33. Ke3 Rd5 34. Rc4 Rh5 35. h4 e5 36. Ra1 Kf7 37. d4 Re8 38. dxe5 fxe5 39. Kf2 Rd8 40. d4 exf4 41. Nxf4 Rf5 42. Re1 Rd7 43. Re3 Rd8 44. Ke1 Rd7 45. Nd3 Kg7 46. g4 Rf6 47. g5 Rf5 48. Re5 Rf3 49. Kd2 Rh3 50. Nc5 Rf7 51. Ne6+ Kg8 52. d5 Rf2+ 53. Re2 Rxe2+ 54. Kxe2 Bxd5 55. Rc8+ Kf7 56. Nf4 Rh2+ 57. Ke3 Bc6 58. Rc7+ Kg8 59. h5 Bxa4 60. Kd4 Rd2+ 61. Ke5 Rd7 62. Rc8+ Kf7 63. h6 Re7+ 64. Kd4 Bb3 65. g6+ Kf6 66. g7 Rd7+ 67. Kc3 a4 68. Re8 Rc7+ 69. Kb2 Kg5 70. Ne6+ Bxe6 71. Rxe6 Rc8 72. Rb6 Re8 73. Ka3 Ra8 74. Rd6 b5 75. Kb4 a3 76. Ra6 Rxa6 77. g8Q+ Kxh6 78. Qf8+ Kg6 79. Qe8+ Kh6 80. Qxb5 Rf6 81. Kxa3 Rf4 82. Qe5 Rg4 83. Kb3 Kg6 84. Qe6+ Kh5 85. Kc3 h6 86. Kd3 Kg5 87. Ke3 h5 88. Qe5+ Kg6 89. Kf3 Kh6 90. Qe8 Kg5 91. Qf7 Kh6 92. Qf5 Rg1 93. Qf6+ Kh7 94. Ke4 Re1+ 95. Kd5 Rg1 96. Qf5+ Kh6 97. Ke6 Rg6+ 98. Kf7 Rg4 99. Qe5 h4 100. Qe3+ Kh7 101. Qd3+ Kh6 102. Qd2+ Kh5 103. Qe2 1-0

[Event "FIN-chT 2223"]
[Site "Finland"]
[Date "2023.01.14"]
[Round "7.3"]
[White "Cattaneo, Marco"]
[Black "Ristoja, Samu"]
[Result "1-0"]
[WhiteElo "2195"]
[BlackElo "2187"]
[PlyCount "69"]
[EventDate "2022.09.24"]
[EventType "team-tourn"]
[EventRounds "11"]
[EventCountry "FIN"]
[SourceTitle "EXT 2024"]
[Source "ChessBase"]
[SourceDate "2023.10.10"]
[SourceVersion "1"]
[SourceVersionDate "2023.10.10"]
[SourceQuality "1"]
[WhiteTeam "Helsinki HSK"]
[BlackTeam "Gambiitti"]
[WhiteTeamCountry "FIN"]
[BlackTeamCountry "FIN"]

1. d4 Nf6 2. Nf3 d6 3. c4 Bf5 4. Nc3 Nbd7 5. Nh4 Bg4 6. h3 Bh5 7. g4 Bg6 8. Bg2 c6 9. d5 cxd5 10. cxd5 Nb6 11. 0-0 Nfd7 12. f4 f6 13. Nxg6 hxg6 14. Qc2 Kf7 15. Be4 f5 16. gxf5 Kg8 17. fxg6 e6 18. dxe6 Nf6 19. Bg2 d5 20. Be3 Qe8 21. f5 Bd6 22. Qb3 Qe7 23. Bxb6 axb6 24. Nxd5 Nxd5 25. Qxd5 Rf8 26. Rad1 Rd8 27. Qb3 Rh5 28. Rd5 Rg5 29. Rfd1 Kh8 30. Qxb6 Bc5+ 31. Qxc5 Qxc5+ 32. Rxc5 Rxd1+ 33. Kh2 Rd8 34. e7 Re8 35. Rd5 1-0

[Event "Keres Memorial rap 31st"]
[Site "Tallinn"]
[Date "2022.09.11"]
[Round "10"]
[White "Cruz Lledo, Pablo"]
[Black "Ristoja, Samu"]
[Result "1/2-1/2"]
[WhiteElo "2406"]
[BlackElo "2187"]
[PlyCount "75"]
[EventDate "2022.09.10"]
[EventType "swiss (rapid)"]
[EventRounds "11"]
[EventCountry "EST"]
[SourceTitle "CBM 210 Extra"]
[Source "ChessBase"]
[SourceDate "2022.11.30"]
[SourceVersion "1"]
[SourceVersionDate "2022.11.30"]
[SourceQuality "1"]

1. d4 Nf6 2. c4 e6 3. Nc3 Bb4 4. e3 0-0 5. Bd3 c5 6. a3 Bxc3+ 7. bxc3 Nc6 8. Nf3 d6 9. d5 Ne7 10. e4 h6 11. 0-0 e5 12. Nh4 Nh7 13. Qf3 Nxd5 14. Qg3 Nf4 15. Bxf4 exf4 16. Qxf4 Qg5 17. Qxg5 hxg5 18. Nf5 Bxf5 19. exf5 Nf6 20. Rfd1 d5 21. cxd5 Nxd5 22. c4 Nf6 23. Be2 Rad8 24. a4 Rfe8 25. Bf3 b6 26. a5 Rxd1+ 27. Rxd1 bxa5 28. h3 Rb8 29. Ra1 Rb4 30. Rxa5 Rxc4 31. Rxa7 g4 32. hxg4 Nxg4 33. Bxg4 Rxg4 34. Ra8+ Kh7 35. Rf8 f6 36. Rc8 Rc4 37. g3 Kh6 38. Kg2 1/2-1/2

[Event "Keres Memorial rap 31st"]
[Site "Tallinn"]
[Date "2022.09.11"]
[Round "8"]
[White "Klabis, Rokas"]
[Black "Ristoja, Samu"]
[Result "1/2-1/2"]
[WhiteElo "2396"]
[BlackElo "2187"]
[PlyCount "51"]
[EventDate "2022.09.10"]
[EventType "swiss (rapid)"]
[EventRounds "11"]
[EventCountry "EST"]
[SourceTitle "CBM 210 Extra"]
[Source "ChessBase"]
[SourceDate "2022.11.30"]
[SourceVersion "1"]
[SourceVersionDate "2022.11.30"]
[SourceQuality "1"]

1. e4 c5 2. Nf3 e6 3. d4 cxd4 4. Nxd4 Nf6 5. Bd3 Nc6 6. Nxc6 bxc6 7. c4 Bb4+ 8. Bd2 Bxd2+ 9. Nxd2 e5 10. 0-0 0-0 11. Qe2 d6 12. Rad1 Qb6 13. Rb1 Bg4 14. Qe1 Nh5 15. Be2 Bxe2 16. Qxe2 Nf4 17. Qf3 f5 18. Kh1 Qd4 19. Rfd1 Nd3 20. Nb3 Nxf2+ 21. Kg1 Nh3+ 22. Kh1 Nf2+ 23. Kg1 fxe4 24. Nxd4 exf3 25. Kxf2 exd4 26. Rxd4 1/2-1/2

[Event "Keres Memorial rap 31st"]
[Site "Tallinn"]
[Date "2022.09.10"]
[Round "3"]
[White "Ristoja, Samu"]
[Black "Kanep, Meelis"]
[Result "1-0"]
[WhiteElo "2187"]
[BlackElo "2412"]
[PlyCount "87"]
[EventDate "2022.09.10"]
[EventType "swiss (rapid)"]
[EventRounds "11"]
[EventCountry "EST"]
[SourceTitle "CBM 210 Extra"]
[Source "ChessBase"]
[SourceDate "2022.11.30"]
[SourceVersion "1"]
[SourceVersionDate "2022.11.30"]
[SourceQuality "1"]

1. e4 c5 2. Nc3 g6 3. d4 cxd4 4. Qxd4 Nf6 5. Be3 Nc6 6. Qd2 Bg7 7. f3 0-0 8. 0-0-0 d6 9. Nge2 b5 10. Bh6 b4 11. Bxg7 bxc3 12. Qxc3 Kxg7 13. Qxc6 Bd7 14. Qa6 Qc7 15. Nc3 Rab8 16. Qa3 a5 17. g4 Rfc8 18. Rd2 Be6 19. Bb5 Qa7 20. g5 Nh5 21. Re1 Rc5 22. Ba4 Rxg5 23. Bb3 Rg1 24. Red1 Nf4 25. Bxe6 fxe6 26. e5 d5 27. Rxg1 Qxg1+ 28. Nd1 Kf7 29. Qxa5 Qe1 30. Qa7 Rxb2 31. Qd4 Rxa2 32. Qxf4+ Kg7 33. Kb1 Ra7 34. Qe3 Rb7+ 35. Kc1 Qf1 36. Rd3 Qg2 37. Qf4 Rc7 38. Rc3 Ra7 39. Rc8 g5 40. Qf8+ Kg6 41. Qg8+ Kh6 42. Qxe6+ Kh5 43. Qf7+ Kh6 44. Rc6+ 1-0

[Event "FIN-chT 2022"]
[Site "Finland"]
[Date "2021.12.11"]
[Round "6.4"]
[White "Suomalainen, Erkki"]
[Black "Ristoja, Samu"]
[Result "1/2-1/2"]
[WhiteElo "2182"]
[BlackElo "2208"]
[PlyCount "57"]
[EventDate "2020.09.12"]
[EventType "team-tourn"]
[EventRounds "11"]
[EventCountry "FIN"]
[SourceTitle "EXT 2023"]
[Source "ChessBase"]
[SourceDate "2022.10.05"]
[SourceVersion "1"]
[SourceVersionDate "2022.10.05"]
[SourceQuality "1"]
[WhiteTeam "Sastamala VammSK II"]
[BlackTeam "Gambiitti"]
[WhiteTeamCountry "FIN"]
[BlackTeamCountry "FIN"]

1. d4 Nf6 2. c4 e6 3. Nc3 Bb4 4. Qc2 Nc6 5. Nf3 d6 6. a3 Bxc3+ 7. Qxc3 a5 8. b3 0-0 9. Bb2 Re8 10. e3 e5 11. Qc2 Bg4 12. d5 Ne7 13. Nd2 Bf5 14. Bd3 Bxd3 15. Qxd3 b5 16. e4 bxc4 17. Qxc4 c6 18. dxc6 Rc8 19. 0-0 Nxc6 20. Rac1 Nd4 21. Qd3 Rxc1 22. Rxc1 Ne6 23. g3 Nc5 24. Qe3 Ng4 25. Qe2 h5 26. f3 Nf6 27. Qe3 Qb8 28. Rd1 Rc8 29. Rc1 1/2-1/2

[Event "FIN-chT 2022"]
[Site "Finland"]
[Date "2021.10.16"]
[Round "11.4"]
[White "Aalto, Patrik"]
[Black "Ristoja, Samu"]
[Result "1-0"]
[WhiteElo "2081"]
[BlackElo "2208"]
[PlyCount "120"]
[EventDate "2020.09.12"]
[EventType "team-tourn"]
[EventRounds "11"]
[EventCountry "FIN"]
[SourceTitle "EXT 2023"]
[Source "ChessBase"]
[SourceDate "2022.10.05"]
[SourceVersion "1"]
[SourceVersionDate "2022.10.05"]
[SourceQuality "1"]
[WhiteTeam "Espoo MatSK II"]
[BlackTeam "Gambiitti"]
[WhiteTeamCountry "FIN"]
[BlackTeamCountry "FIN"]

1. d4 d6 2. e4 Nf6 3. Nc3 e5 4. Nf3 Nbd7 5. Bc4 Be7 6. 0-0 c6 7. a4 Qc7 8. Ba2 0-0 9. h3 b6 10. Re1 exd4 11. Nxd4 Re8 12. Bf4 Bf8 13. Re3 Nc5 14. Qe2 Ne6 15. Nxe6 Bxe6 16. Bxe6 Rxe6 17. e5 dxe5 18. Rxe5 Rxe5 19. Qxe5 Qxe5 20. Bxe5 Nd7 21. Bf4 Re8 22. Rd1 Nc5 23. Kf1 g6 24. Bd6 Ne4 25. Nxe4 Rxe4 26. b3 Bxd6 27. Rxd6 c5 28. Rd7 c4 29. Rxa7 cxb3 30. cxb3 Rb4 31. Rb7 Rxb3 32. a5 b5 33. a6 Ra3 34. a7 Kg7 35. Ke2 h6 36. f4 Kf6 37. g4 Ke6 38. g5 h5 39. h4 b4 40. Kd2 Kd5 41. Rxf7 Ke6 42. Rf6+ Kd5 43. Rxg6 Rxa7 44. Rb6 Ke4 45. Rxb4+ Kf5 46. Rb5+ Kxf4 47. g6 Rd7+ 48. Ke2 Kg4 49. Rg5+ Kxh4 50. Rg1 Ra7 51. g7 Ra2+ 52. Kf3 Ra3+ 53. Kf4 Ra4+ 54. Kf5 Ra5+ 55. Kg6 Ra8 56. Kh6 Rg8 57. Kh7 Ra8 58. g8Q Rxg8 59. Rxg8 Kh3 60. Kh6 h4 1-0

[Event "EU-ch blitz"]
[Site "Tallinn"]
[Date "2019.12.07"]
[Round "5"]
[White "Duzhakov, Ilya"]
[Black "Ristoja, Samu"]
[Result "1-0"]
[WhiteElo "2346"]
[BlackElo "2165"]
[PlyCount "86"]
[EventDate "2019.12.07"]
[EventType "swiss (blitz)"]
[EventRounds "22"]
[EventCountry "EST"]
[SourceTitle "CBM 193 Extra"]
[Source "ChessBase"]
[SourceDate "2020.01.31"]
[SourceVersion "1"]
[SourceVersionDate "2020.01.31"]
[SourceQuality "1"]

1. d4 Nf6 2. c4 d6 3. Nc3 e5 4. Nf3 exd4 5. Nxd4 Be7 6. g3 Bd7 7. Bg2 Nc6 8. 0-0 0-0 9. b3 Nxd4 10. Qxd4 Bc6 11. e4 Nd7 12. Bb2 Bf6 13. Qd2 a5 14. Rfe1 Re8 15. f4 Nc5 16. Rad1 Qc8 17. h3 h6 18. Kh2 Ra6 19. Qc2 Ra8 20. a3 b6 21. b4 axb4 22. axb4 Ne6 23. Nd5 Bxb2 24. Qxb2 Nf8 25. e5 Bxd5 26. Bxd5 c6 27. Bg2 dxe5 28. fxe5 Ra7 29. Rd6 Rae7 30. Rxc6 Qf5 31. Rxb6 Rxe5 32. Rxe5 Rxe5 33. Rd6 Re3 34. Rd5 Qe6 35. Qf2 Ng6 36. Rd2 Qe5 37. b5 Nh4 38. b6 Nf5 39. Qf4 Qxf4 40. gxf4 Rb3 41. b7 Kh7 42. Rd8 Ne3 43. b8Q Rb5 1-0

[Event "EU-ch blitz"]
[Site "Tallinn"]
[Date "2019.12.07"]
[Round "6"]
[White "Ristoja, Samu"]
[Black "Duzhakov, Ilya"]
[Result "1-0"]
[WhiteElo "2165"]
[BlackElo "2346"]
[PlyCount "119"]
[EventDate "2019.12.07"]
[EventType "swiss (blitz)"]
[EventRounds "22"]
[EventCountry "EST"]
[SourceTitle "CBM 193 Extra"]
[Source "ChessBase"]
[SourceDate "2020.01.31"]
[SourceVersion "1"]
[SourceVersionDate "2020.01.31"]
[SourceQuality "1"]

1. e4 e6 2. d4 d5 3. e5 c5 4. c3 Qb6 5. Nf3 Nc6 6. a3 Nh6 7. b4 cxd4 8. cxd4 Nf5 9. Be3 f6 10. exf6 gxf6 11. Bd3 Nxe3 12. fxe3 Bh6 13. b5 Ne7 14. Ne5 fxe5 15. Qh5+ Kd8 16. Qxh6 exd4 17. Qf6 Rg8 18. exd4 Rxg2 19. Nd2 Qa5 20. Qf4 Bd7 21. Rc1 Qxa3 22. Kf1 Rg8 23. Ke2 Rg2+ 24. Kf1 Qxc1+ 25. Kxg2 Qc3 26. Bxh7 Bxb5 27. Rb1 a6 28. Qf8+ Be8 29. Nf3 b5 30. Qf4 Qc7 31. Ne5 Rc8 32. h4 a5 33. Bd3 a4 34. Nf7+ Bxf7 35. Qxf7 Qd6 36. Bxb5 Rc2+ 37. Kf3 Qa3+ 38. Kg4 Rg2+ 39. Kh5 Qd6 40. Qf8+ Kc7 41. Rc1+ Kb6 42. Qe8 Nf5 43. Rc6+ Ka5 44. Rxd6 Ng7+ 45. Kh6 Nxe8 46. Bxe8 a3 47. Rd8 a2 48. Ra8+ Kb4 49. h5 Kc3 50. Bf7 Kxd4 51. Bxe6 Ke5 52. Bf7 Rf2 53. Bg6 d4 54. Kg7 Kf4 55. h6 Ke3 56. h7 Rh2 57. h8Q Rxh8 58. Kxh8 d3 59. Rxa2 d2 60. Bh5 1-0

[Event "Helsinki Ristoja 70 Years"]
[Site "Helsinki"]
[Date "2019.11.17"]
[Round "5"]
[White "Norri, Joose"]
[Black "Ristoja, Samu"]
[Result "1/2-1/2"]
[WhiteElo "2247"]
[BlackElo "2188"]
[PlyCount "31"]
[EventDate "2019.11.15"]
[EventType "swiss"]
[EventRounds "5"]
[EventCountry "FIN"]
[SourceTitle "EXT 2021"]
[Source "ChessBase"]
[SourceDate "2020.10.23"]
[SourceVersion "1"]
[SourceVersionDate "2020.10.23"]
[SourceQuality "1"]

1. Nf3 c5 2. c4 Nc6 3. d4 cxd4 4. Nxd4 g6 5. e4 Bg7 6. Be3 Nf6 7. Nc3 Ng4 8. Qxg4 Nxd4 9. Qd1 e5 10. Qd2 0-0 11. Nb5 Qh4 12. Bd3 h6 13. Nxd4 exd4 14. Bf4 b6 15. 0-0 Re8 16. Bg3 1/2-1/2

[Event "Pardubice Czech op-A 30th"]
[Site "Pardubice"]
[Date "2019.07.27"]
[Round "9"]
[White "Thakur, Akash"]
[Black "Ristoja, Samu"]
[Result "0-1"]
[WhiteElo "2311"]
[BlackElo "2190"]
[PlyCount "92"]
[EventDate "2019.07.19"]
[EventType "swiss"]
[EventRounds "9"]
[EventCountry "CZE"]
[SourceTitle "CBM 191"]
[Source "ChessBase"]
[SourceDate "2019.08.31"]
[SourceVersion "1"]
[SourceVersionDate "2019.08.31"]
[SourceQuality "1"]

1. e4 d5 2. exd5 Qxd5 3. Nc3 Qd8 4. d4 Nf6 5. Bc4 a6 6. Nf3 b5 7. Bb3 c5 8. dxc5 Qxd1+ 9. Kxd1 e6 10. Be3 Bb7 11. a4 b4 12. Na2 a5 13. c3 Bd5 14. Nd4 Bxc5 15. cxb4 axb4 16. Rc1 Nbd7 17. Bxd5 Nxd5 18. b3 0-0 19. Ke2 Rfc8 20. Rhd1 N7f6 21. Nb5 Ne4 22. Bxc5 Nxc5 23. Nd6 Rc7 24. Nb5 Rcc8 25. Nd6 Rc7 26. Nb5 Rcc8 27. Nd4 g6 28. Rc4 Ne4 29. Nc6 Rc7 30. Rxe4 Rxc6 31. Rd2 Rb8 32. Red4 Kg7 33. g3 f5 34. Kd3 Kf6 35. Rc2 Rd6 36. Ke2 Nc3+ 37. Ke3 Nd5+ 38. Kf3 e5 39. Rdc4 e4+ 40. Ke2 Ke5 41. Rc5 Ke6 42. R2c4 Kf6 43. f3 exf3+ 44. Kxf3 Re8 45. Kf2 Ne3 46. Rc8 Ng4+ 0-1

[Event "Pardubice Czech op-A 30th"]
[Site "Pardubice"]
[Date "2019.07.22"]
[Round "4"]
[White "Meissner, Felix"]
[Black "Ristoja, Samu"]
[Result "1/2-1/2"]
[WhiteElo "2407"]
[BlackElo "2190"]
[PlyCount "83"]
[EventDate "2019.07.19"]
[EventType "swiss"]
[EventRounds "9"]
[EventCountry "CZE"]
[SourceTitle "CBM 191"]
[Source "ChessBase"]
[SourceDate "2019.08.31"]
[SourceVersion "1"]
[SourceVersionDate "2019.08.31"]
[SourceQuality "1"]

1. e4 d5 2. exd5 Qxd5 3. Nc3 Qd8 4. Nf3 Nf6 5. Bc4 a6 6. Ne5 e6 7. d4 Nbd7 8. Qe2 Nxe5 9. dxe5 Nd7 10. a4 Be7 11. Bf4 Bg5 12. Bg3 0-0 13. Rd1 Qe7 14. 0-0 Nc5 15. Rd4 Bd7 16. a5 b5 17. axb6 cxb6 18. b4 b5 19. bxc5 bxc4 20. Qxc4 Rfc8 21. Rd6 Qe8 22. Rfd1 Bc6 23. Bh4 Bxh4 24. Qxh4 h6 25. Ne2 Kh7 26. Qg3 Bb5 27. Nf4 Rxc5 28. Nh5 Qf8 29. Rd8 Rxd8 30. Rxd8 Rd5 31. Rxd5 exd5 32. Qc3 Qd8 33. Nf4 Qg5 34. Qd4 Qf5 35. h3 Qxc2 36. e6 Qc1+ 37. Kh2 Qc7 38. exf7 Qxf7 39. Nxd5 Bd7 40. f4 Be6 41. Nb4 Bc8 42. Nc6 1/2-1/2

[Event "FIN-ch"]
[Site "Helsinki"]
[Date "2019.06.15"]
[Round "6"]
[White "Ristoja, Samu"]
[Black "Luukkonen, Tommi"]
[Result "1/2-1/2"]
[WhiteElo "2197"]
[BlackElo "2330"]
[PlyCount "103"]
[EventDate "2019.06.10"]
[EventType "swiss"]
[EventRounds "9"]
[EventCountry "FIN"]
[SourceTitle "CBM 191 Extra"]
[Source "ChessBase"]
[SourceDate "2019.09.30"]
[SourceVersion "1"]
[SourceVersionDate "2019.09.30"]
[SourceQuality "1"]

1. e4 c5 2. Nf3 d6 3. Bb5+ Nd7 4. 0-0 Ngf6 5. Re1 a6 6. Bf1 b6 7. d4 cxd4 8. Nxd4 Bb7 9. f3 e6 10. c4 Be7 11. Nc3 0-0 12. Be3 Rc8 13. Qd2 Ne5 14. b3 Qc7 15. Na4 Nfd7 16. Qf2 Nc5 17. Nb2 Kh8 18. Rac1 g5 19. h3 Rg8 20. b4 Ncd7 21. Ne2 Rg6 22. Bd4 Kg8 23. f4 gxf4 24. Kh1 Nf6 25. Nxf4 Nxe4 26. Rxe4 Bxe4 27. Nxg6 fxg6 28. Bxb6 Qb7 29. c5 dxc5 30. Bxc5 Nd7 31. Nd3 Rf8 32. Qe2 Nf6 33. Bxe7 Qxe7 34. Nc5 Bd5 35. Qe5 a5 36. a3 axb4 37. axb4 Ne8 38. Bc4 Rf5 39. Qe2 Qg5 40. Nd3 Re5 41. Nxe5 Qxc1+ 42. Qf1 Qxf1+ 43. Bxf1 Nd6 44. Kg1 Kg7 45. Bd3 Kf6 46. Nd7+ Ke7 47. Ne5 Nf5 48. g4 Nd4 49. Kf2 Kd6 50. Nf7+ Ke7 51. Ng5 h6 52. Ne4 1/2-1/2

[Event "FIN-chT 1819"]
[Site "Finland"]
[Date "2019.04.05"]
[Round "9.3"]
[White "Sipila, Vilka"]
[Black "Ristoja, Samu"]
[Result "1-0"]
[WhiteElo "2381"]
[BlackElo "2225"]
[PlyCount "95"]
[EventDate "2018.09.15"]
[EventType "team-tourn"]
[EventRounds "11"]
[EventCountry "FIN"]
[SourceTitle "CBM 189 Extra"]
[Source "ChessBase"]
[SourceDate "2019.06.03"]
[SourceVersion "1"]
[SourceVersionDate "2019.06.03"]
[SourceQuality "1"]
[WhiteTeam "Turku TuTS"]
[BlackTeam "Kotka KymS"]
[WhiteTeamCountry "FIN"]
[BlackTeamCountry "FIN"]

1. e4 c5 2. Nf3 e6 3. d4 cxd4 4. Nxd4 Nc6 5. Nc3 Qc7 6. Be3 Nf6 7. Ndb5 Qb8 8. Qf3 a6 9. Nd4 Ne5 10. Qe2 Bb4 11. Bd2 b5 12. a3 Be7 13. f4 Nc4 14. e5 Ng8 15. Qg4 g6 16. Bxc4 bxc4 17. 0-0 Nh6 18. Qe2 Nf5 19. Nf3 Qb6+ 20. Kh1 Bb7 21. Qxc4 h5 22. Na4 Qa7 23. Ba5 Ne3 24. Qd3 Nxf1 25. Rxf1 Bc6 26. Nc3 Qb7 27. b4 Rc8 28. Rf2 h4 29. h3 Bb5 30. Qe3 Bc6 31. Ng5 Rh5 32. Bb6 Bd5 33. Bc5 Rxc5 34. bxc5 Qc6 35. Nge4 Kf8 36. Nd6 Kg7 37. Rd2 Bxd6 38. cxd6 Bc4 39. Ne4 Rh8 40. Nf6 Rb8 41. Qf2 Rh8 42. Rd4 Bb5 43. c4 Ba4 44. f5 exf5 45. Rxh4 Qa8 46. Kh2 Bc6 47. Qd4 Qb8 48. e6 1-0

[Event "FIN-chT 1819"]
[Site "Finland"]
[Date "2019.02.09"]
[Round "7.2"]
[White "Kiik, Kalle"]
[Black "Ristoja, Samu"]
[Result "1/2-1/2"]
[WhiteElo "2406"]
[BlackElo "2225"]
[PlyCount "124"]
[EventDate "2018.09.15"]
[EventType "team-tourn"]
[EventRounds "11"]
[EventCountry "FIN"]
[SourceTitle "EXT 2021"]
[Source "ChessBase"]
[SourceDate "2020.10.23"]
[SourceVersion "1"]
[SourceVersionDate "2020.10.23"]
[SourceQuality "1"]
[WhiteTeam "Salo SalSK"]
[BlackTeam "Kotka KymS"]
[WhiteTeamCountry "FIN"]
[BlackTeamCountry "FIN"]

1. e4 c5 2. Nf3 g6 3. c3 d5 4. exd5 Qxd5 5. d4 Bg7 6. Be2 Nc6 7. c4 Qd8 8. d5 Ne5 9. Nc3 Nxf3+ 10. Bxf3 Nh6 11. 0-0 Nf5 12. Re1 0-0 13. Bg5 Bxc3 14. bxc3 f6 15. Bf4 Nd6 16. Qe2 Rf7 17. a4 b6 18. Qa2 g5 19. Bg3 Bf5 20. Bh5 Rg7 21. a5 bxa5 22. Be2 Ne4 23. Qxa5 Qxa5 24. Rxa5 e5 25. dxe6 Re8 26. Bh5 Rxe6 27. Rd1 Rge7 28. h3 Nxg3 29. Rd8+ Kg7 30. fxg3 Rc7 31. Rb5 Rb6 32. Bf3 Be6 33. Be2 Bd7 34. Rxb6 axb6 35. Rb8 Bc6 36. Rxb6 Be4 37. Rb5 Kf7 38. Kf2 Ke6 39. Bf3 Ke5 40. Ke3 Bxf3 41. gxf3 Kf5 42. g4+ Kg6 43. f4 Re7+ 44. Kf3 gxf4 45. Kxf4 Re5 46. Rb8 h5 47. Rd8 hxg4 48. hxg4 Re1 49. Rd5 Rf1+ 50. Ke3 Re1+ 51. Kd3 Rd1+ 52. Kc2 Rg1 53. Rxc5 Rxg4 54. Rc8 Kf7 55. Kb3 f5 56. Rd8 Ke6 57. c5 Rg7 58. Rd6+ Ke5 59. Kc4 f4 60. Rd8 f3 61. Rf8 Rg4+ 62. Kd3 Kd5 1/2-1/2

[Event "FIN-chT 1819"]
[Site "Finland"]
[Date "2018.09.16"]
[Round "2.2"]
[White "Ristoja, Samu"]
[Black "Karttunen, Mika"]
[Result "1/2-1/2"]
[WhiteElo "2225"]
[BlackElo "2472"]
[PlyCount "66"]
[EventDate "2018.09.15"]
[EventType "team-tourn"]
[EventRounds "11"]
[EventCountry "FIN"]
[SourceTitle "CBM 186 Extra"]
[Source "ChessBase"]
[SourceDate "2018.08.24"]
[SourceVersion "1"]
[SourceVersionDate "2018.08.24"]
[SourceQuality "1"]
[WhiteTeam "Kotka KymS"]
[BlackTeam "Tampere Tammer"]
[WhiteTeamCountry "FIN"]
[BlackTeamCountry "FIN"]

1. e4 e5 2. Nf3 Nc6 3. d4 exd4 4. Nxd4 Nf6 5. Nc3 Bb4 6. Nxc6 bxc6 7. Bd3 0-0 8. 0-0 d5 9. exd5 cxd5 10. Bg5 c6 11. Qf3 h6 12. Bxf6 Qxf6 13. Qxf6 gxf6 14. Ne2 Rb8 15. Nd4 Bc5 16. Nxc6 Rxb2 17. Rfb1 Rb6 18. Rxb6 axb6 19. a4 Re8 20. Kf1 Bd7 21. Na7 Re7 22. Nb5 Bb4 23. Rb1 Ba5 24. f3 Kf8 25. Nd4 Bxa4 26. Bb5 Bxb5+ 27. Rxb5 Re1+ 28. Kf2 Rd1 29. Nb3 d4 30. Ke2 Rg1 31. Kf2 Rd1 32. Ke2 Rg1 33. Kf2 Rd1 1/2-1/2

[Event "Pardubice Czech op-A 29th"]
[Site "Pardubice"]
[Date "2018.07.26"]
[Round "7"]
[White "Ristoja, Samu"]
[Black "Tarun, V Kanth"]
[Result "1-0"]
[WhiteElo "2239"]
[BlackElo "2086"]
[PlyCount "53"]
[EventDate "2018.07.20"]
[EventType "swiss"]
[EventRounds "9"]
[EventCountry "CZE"]
[SourceTitle "CBM 185 Extra"]
[Source "ChessBase"]
[SourceDate "2018.07.29"]
[SourceVersion "1"]
[SourceVersionDate "2018.07.29"]
[SourceQuality "1"]

1. e4 e6 2. d4 d5 3. e5 c5 4. c3 Qb6 5. Nf3 Nc6 6. a3 Nh6 7. b4 cxd4 8. Bxh6 gxh6 9. cxd4 Bd7 10. Ra2 Bg7 11. Nc3 0-0 12. Na4 Qd8 13. Nc5 Bc8 14. Rc2 f6 15. Bb5 Nxe5 16. dxe5 fxe5 17. 0-0 a6 18. Ba4 e4 19. Nd4 Qd6 20. Bb3 Kh8 21. Re1 Rd8 22. Rd2 Be5 23. Nxe4 Bxh2+ 24. Kh1 dxe4 25. Nf3 exf3 26. Rxd6 fxg2+ 27. Kxh2 1-0